00717nas a2200229 4500001001000000003000900010005001700019007000300036008003400039040005400073041000900127072000800136100001700144100001400161245013600175650001100311650001200322650001400334650002100348650001100369773010700380BR9607899BR-BrBNA20231205095951.0ta230509b bl.|||p| |||| 00| 00por d aBR-BrBNAbporcBiblioteca Nacional de Agricultura a(En) aL701 aLazaro, N.S.1 aHofer, E.1 aCross-reactions between Yersinia enterocolitica serotype 9 and Brucella spp in bovine and swine sera, in the area of Rio de Janeiro aBovino aSUÍNO aBrucelose aSoro-Aglutinacao aVacina0 tPesquisa Veterinaria Brasileira (Brazil)xISSN 0100-736Xg(Jan-Mar 1996), v. 16(1) p. 39-43wBR9607899